[Event "Mechanics' Spring TNM; G/2 d5"]
[Site "San Francisco"]
[Date "2018.04.03"]
[Round "3.24"]
[White "Hope, Frederick"]
[Black "Mercado, Adam"]
[Result "1-0"]
[WhiteElo "1536"]
[BlackElo "1810"]
[PlyCount "87"]
[EventDate "2018.??.??"]
[Source "ChessBase"]
[SourceDate "2007.09.04"]

1. e4 e5 2. Nf3 Nc6 3. Bb5 a6 4. Ba4 Nf6 5. c3 b5 6. Bb3 Be7 7. O-O d6 8. Re1
Bg4 9. d3 O-O 10. Nbd2 Na5 11. Bc2 c5 12. Nf1 Re8 13. Ng3 Bf8 14. Bd2 g6 15. h3
Bxf3 16. Qxf3 Bg7 17. Rad1 Nc6 18. Nf1 a5 19. a4 b4 20. Bb3 Rb8 21. Rb1 Rb6 22.
Bg5 Nb8 23. Ne3 Nbd7 24. Nd5 Rb7 25. d4 h6 26. dxc5 dxc5 27. Be3 Rb8 28. Red1
Nxd5 29. Rxd5 Qc7 30. cxb4 Rxb4 31. Rbd1 Nf6 32. Rxc5 Qb7 33. Bd5 Nxd5 34.
Rcxd5 Rxb2 35. Rd7 Qb3 36. R1d5 Rf8 37. Rxa5 Ra2 38. Rb5 Qe6 39. Rbb7 Ra3 40.
Ra7 Bf6 41. Qd1 Qc4 42. Bxh6 Bh4 43. Bxf8 Ra2 44. Rxf7 1-0

[Event "Mechanics' Spring TNM; G/2 d5"]
[Site "San Francisco"]
[Date "2018.03.20"]
[Round "1.8"]
[White "Hope, Frederick"]
[Black "Tsodikova, Natalya"]
[Result "1-0"]
[WhiteElo "1536"]
[BlackElo "2191"]
[PlyCount "55"]
[EventDate "2018.??.??"]
[Source "ChessBase"]
[SourceDate "2007.09.04"]

1. e4 e5 2. Nf3 Nc6 3. Bb5 f5 4. d3 fxe4 5. dxe4 Nf6 6. O-O Bc5 7. Bxc6 bxc6 8.
Nxe5 O-O 9. Nc3 Qe8 10. Nd3 Bd4 11. Re1 d6 12. Be3 Bxc3 13. bxc3 Qxe4 14. Bxa7
Qc4 15. Bd4 Bf5 16. Bxf6 Rxf6 17. Qd2 Qh4 18. Re3 Rh6 19. h3 Rg6 20. Nf4 Rf6
21. g3 Qh6 22. h4 Raf8 23. Rae1 d5 24. c4 $1 dxc4 25. Qd4 $1 Rd6 26. Qxc4+ Kh8
27. Re8 Qf6 28. Nh5 {A well-played game by White, who won in convinincing
fashion against a strong player rated nearly 700 points above him.} 1-0

[Event "Mechanics' Winter TNM; G/2 d5"]
[Site "San Francisco"]
[Date "2018.02.13"]
[Round "6.18"]
[White "Hope, Frederick"]
[Black "Wonsever, James"]
[Result "0-1"]
[WhiteElo "1536"]
[BlackElo "1825"]
[PlyCount "108"]
[EventDate "2018.??.??"]
[Source "ChessBase"]
[SourceDate "2007.09.04"]

1. e4 c5 2. Nf3 e6 3. d4 cxd4 4. Nxd4 Nc6 5. Be3 Nf6 6. f3 d5 7. Bb5 Qc7 8. Nd2
Bd6 9. c3 a6 10. Qa4 Bd7 11. O-O-O O-O 12. Bxc6 bxc6 13. Qc2 c5 14. Ne2 Rfc8
15. Kb1 Bb5 16. c4 dxc4 17. Nxc4 Be7 18. Bf4 Qc6 19. Nd6 Rd8 20. e5 Nd5 21.
Nxb5 Qxb5 22. Nc3 Qc6 23. Nxd5 exd5 24. Rd3 Rac8 25. Rhd1 d4 26. Qc4 Qb5 27.
Rc1 h6 28. Bd2 Rd5 29. f4 Rcd8 30. a4 Qc6 31. Re1 Qg6 32. g3 h5 33. h4 Qc6 34.
f5 Kf8 35. e6 Rxf5 36. exf7 Rxf7 37. Bf4 a5 38. Re5 Qg6 39. Ka2 Rf5 40. Rf3 Qf7
41. Rxf5 Qxf5 42. Qb3 d3 43. Rf2 Ke8 44. Be3 Qd5 45. Rd2 c4 46. Qb5+ Qxb5 47.
axb5 Bb4 48. Rd1 Rd5 49. b6 Kd7 50. Bd2 Kc6 51. Bc3 g6 52. Rf1 Bxc3 53. bxc3
Kxb6 54. Kb2 Rf5 0-1

[Event "Mechanics' Shipman TNM; G/2 d/5"]
[Site "San Francisco"]
[Date "2018.09.25"]
[Round "8.20"]
[White "Huberts, Alexander"]
[Black "Boldi, Nicholas Ar"]
[Result "1-0"]
[WhiteElo "1705"]
[BlackElo "1544"]
[PlyCount "77"]
[EventDate "2018.??.??"]
[Source "ChessBase"]
[SourceDate "2007.09.04"]

1. e4 e6 2. d4 d5 3. e5 c5 4. c3 Nc6 5. Nf3 Bd7 6. Be2 Qb6 7. O-O Rc8 8. dxc5
Qc7 9. Be3 Nxe5 10. Nxe5 Qxe5 11. Bd4 Qb8 12. Bd3 Nf6 13. b4 Be7 14. f4 b6 15.
Be5 Qb7 16. cxb6 Qxb6+ 17. Kh1 Bc6 18. a4 Qb7 19. Qe2 Qa8 20. Nd2 h6 21. Nf3
Ne4 22. Bxg7 Rg8 23. Bd4 Rg4 24. Ne5 Rh4 25. Rf3 Bb7 26. Bb5+ Kf8 27. f5 exf5
28. Kg1 a6 29. Bd7 Rb8 30. Rxf5 Kg8 {[#]} 31. Ng6 Bd8 32. Nxh4 Bxh4 33. Qh5 Nd6
34. Qxh6 f6 35. Qg6+ Kf8 36. Rxf6+ Bxf6 37. Qxf6+ Nf7 38. Re1 Re8 39. Qg7# 1-0

[Event "Mechanics' Shipman TNM; G/2 d/5"]
[Site "San Francisco"]
[Date "2018.08.21"]
[Round "3.24"]
[White "Huberts, Alexander"]
[Black "Chan, John"]
[Result "1-0"]
[WhiteElo "1705"]
[BlackElo "1510"]
[PlyCount "109"]
[EventDate "2018.??.??"]
[Source "ChessBase"]
[SourceDate "2007.09.04"]

1. e4 e6 2. d4 d5 3. e5 Nd7 4. Nf3 h6 5. Bd3 a6 6. O-O c5 7. c3 c4 8. Bc2 Nb6
9. a4 Bd7 10. a5 Nc8 11. b3 cxb3 12. Bxb3 Na7 13. Bd2 Rc8 14. Na3 Bxa3 15. Rxa3
Nb5 16. Ra1 Nxc3 17. Qe1 Ne4 18. Bb4 Ne7 19. Nd2 Nxd2 20. Qxd2 Nf5 21. Rfc1
Rxc1+ 22. Rxc1 g5 23. Bc5 Bc6 24. Qb4 Qd7 25. Ra1 Ne7 26. Bd1 Bb5 27. Ra3 Ng6
28. Rc3 Ne7 29. Bd6 Nc6 30. Qb2 Qd8 31. Qa1 Qxa5 32. Qxa5 Nxa5 33. Rc8+ Kd7 34.
Rxh8 Nc4 35. Bf8 a5 36. Rxh6 a4 37. Rh3 b6 38. Bb4 Bc6 39. Kf1 b5 40. Ke2 g4
41. Rc3 Ke8 42. Kd3 f5 43. exf6 Kf7 44. Bxg4 Kxf6 45. f4 Be8 46. Bf3 Bg6+ 47.
Ke2 Bh7 48. g4 Bg6 49. h3 Kg7 50. h4 Bh7 51. h5 Bg8 52. g5 Bf7 53. Bg4 Bg8 54.
g6 Kf6 55. Bf8 1-0

[Event "Mechanics' Summer TNM; G/2 d5"]
[Site "San Francisco"]
[Date "2018.07.03"]
[Round "6.17"]
[White "Huberts, Alexander"]
[Black "Chen, Mingson"]
[Result "0-1"]
[WhiteElo "1694"]
[BlackElo "1903"]
[Annotator "Winslow,Elliott"]
[PlyCount "56"]
[EventDate "2018.??.??"]
[Source "ChessBase"]
[SourceDate "2007.09.04"]

1. e4 e5 2. Nf3 Nc6 3. Bb5 a6 4. Ba4 d6 5. O-O Bd7 6. c3 g6 7. d3 Bg7 8. Bg5 f6
9. Be3 Nh6 10. h3 Nf7 11. Bb3 Qe7 12. Bd5 Ncd8 13. b4 O-O 14. a4 c6 15. Bb3 Ne6
16. Qd2 f5 {[#]} 17. g3 $4 $19 {Overreaction!} (17. a5) (17. Qc2) 17... Kh8 (
17... f4 18. Bb6 Kh8) 18. exf5 gxf5 19. Bxe6 (19. h4 {
Desperate to keep Black's knights off g5} d5) 19... Bxe6 (19... Qxe6 $5 {
Already thinking of mate}) 20. Ng5 f4 21. gxf4 exf4 22. Bxf4 (22. Nxe6 Qxe6 23.
Bxf4) 22... Nxg5 23. Bxg5 Bf6 24. f4 Bxg5 25. fxg5 Rxf1+ 26. Kxf1 Bxh3+ 27. Kg1
Rg8 28. Kh2 Rxg5 ({Only (} 28... Rxg5 {)} 29. Qxg5 {delays imminent mate.}) 0-1

[Event "Mechanics' Summer TNM; G/2 d/5"]
[Site "San Francisco"]
[Date "2018.07.17"]
[Round "8.22"]
[White "Huberts, Alexander"]
[Black "Francis, Daniel"]
[Result "1-0"]
[WhiteElo "1694"]
[BlackElo "1558"]
[PlyCount "59"]
[EventDate "2018.??.??"]
[Source "ChessBase"]
[SourceDate "2007.09.04"]

1. e4 e5 2. Nf3 Nc6 3. Bb5 Nf6 4. d3 d6 5. h3 Be7 6. O-O Bd7 7. c3 O-O 8. Re1
Qc8 9. Nbd2 Nh5 10. Bxc6 Bxh3 11. Nh2 Nf4 12. Ba4 Nxg2 13. Re2 Qe6 14. Ndf1 Qg6
15. Ng3 f5 16. Bd7 f4 17. Bxh3 fxg3 18. Bxg2 gxh2+ 19. Kh1 Bh4 20. Be3 Rf6 21.
Qb3+ Kh8 22. Qxb7 Raf8 23. Rf1 Qg4 24. Rd2 Rf3 25. Qxa7 h6 26. d4 Rxe3 27. dxe5
Bxf2 28. Rfxf2 Rxf2 29. Rxf2 Re1+ 30. Rf1 1-0

[Event "Mechanics' Shipman TNM; G/2 d/5"]
[Site "San Francisco"]
[Date "2018.09.04"]
[Round "5.24"]
[White "Huberts, Alexander"]
[Black "McEnroe, Glenn"]
[Result "1-0"]
[WhiteElo "1705"]
[BlackElo "1500"]
[PlyCount "71"]
[EventDate "2018.??.??"]
[Source "ChessBase"]
[SourceDate "2007.09.04"]

1. e4 e6 2. d4 d5 3. e5 c5 4. c3 Nc6 5. Nf3 Qb6 6. Be2 cxd4 7. cxd4 Nh6 8. Na3
Nf5 9. Nc2 Bd7 10. O-O Be7 11. Kh1 O-O 12. Qd3 Nb4 13. Nxb4 Bxb4 14. g4 Nh6 15.
Ng5 f5 16. exf6 g6 17. Nh3 Nf7 18. Nf4 Nh8 19. g5 Kf7 20. Qh3 Ke8 21. Bg4 Nf7
22. Bxe6 Bxe6 23. Qxe6+ Qxe6 24. Nxe6 Kd7 25. Nxf8+ Bxf8 26. Bf4 Rc8 27. Rac1
h6 28. h4 hxg5 29. hxg5 Rc6 30. Kg2 Bd6 31. Kf3 Ke6 32. Kg4 Rc4 33. Rfe1+ Kd7
34. Rxc4 dxc4 35. Be5 Ke6 36. f4 1-0

[Event "Mechanics' Shipman TNM; G/2 d/5"]
[Site "San Francisco"]
[Date "2018.08.07"]
[Round "1.29"]
[White "Huberts, Alexander"]
[Black "Otterbach, Renate"]
[Result "1-0"]
[WhiteElo "1705"]
[BlackElo "1082"]
[PlyCount "39"]
[EventDate "2018.??.??"]
[Source "ChessBase"]
[SourceDate "2007.09.04"]

1. e4 c5 2. Nf3 g6 3. d4 cxd4 4. Nxd4 Bg7 5. Nc3 Nc6 6. Be3 Nf6 7. f3 O-O 8.
Bc4 Na5 (8... Qb6) 9. Be2 d6 10. Qd2 Nd7 11. Nb3 Nc6 12. Bh6 e6 13. Bxg7 Kxg7
14. Qxd6 Qb6 15. O-O-O Nde5 16. Qc5 Nd7 17. Qxb6 Nxb6 18. Nc5 Nd7 19. Nxd7 Rd8
20. Nc5 1-0

[Event "Mechanics' Summer TNM; G/2 d/5"]
[Site "San Francisco"]
[Date "2018.06.05"]
[Round "2.28"]
[White "Huberts, Alexander"]
[Black "Rushton, Peter"]
[Result "0-1"]
[WhiteElo "1694"]
[BlackElo "1130"]
[PlyCount "42"]
[EventDate "2018.??.??"]
[Source "ChessBase"]
[SourceDate "2007.09.04"]

1. e4 e5 2. Nf3 Nc6 3. Bb5 Nf6 4. O-O Bc5 5. c3 O-O 6. Re1 Ng4 7. d4 Bb6 8. h3
Nxf2 $2 9. Kxf2 d6 10. Bg5 f6 11. Bh4 g5 12. Bg3 g4 13. hxg4 Bxg4 14. Bxc6 bxc6
15. Qd2 f5 16. Bh4 Qd7 17. Kg3 f4+ 18. Kh2 Qg7 19. Bf2 $4 (19. Na3 Qh6 20. Qf2
$18) 19... Bxf3 20. gxf3 Rf6 21. Rg1 Rh6+ 0-1

[Event "Mechanics' Summer TNM; G/2 d/5"]
[Site "San Francisco"]
[Date "2018.06.19"]
[Round "4.22"]
[White "Huberts, Alexander"]
[Black "Tracy, Joseph J"]
[Result "1-0"]
[WhiteElo "1694"]
[BlackElo "2112"]
[PlyCount "55"]
[EventDate "2018.??.??"]
[Source "ChessBase"]
[SourceDate "2007.09.04"]

1. e4 Nf6 2. e5 Nd5 3. d4 d6 4. c4 Nb6 5. Nc3 dxe5 6. dxe5 Qxd1+ 7. Kxd1 Nc6 8.
c5 Bg4+ 9. f3 O-O-O+ 10. Bd2 Nd7 11. fxg4 Ndxe5 12. Nf3 Nxg4 13. Be2 e6 14. Ng5
Nge5 15. Rf1 Bxc5 16. Nge4 Be3 17. Kc1 Bxd2+ 18. Nxd2 f5 19. Nf3 Nxf3 20. Bxf3
Nd4 21. Ne2 Nxf3 22. Rxf3 Rd6 23. Nf4 Rhd8 24. Kc2 Rd2+ 25. Kc3 R8d6 26. Re1
Kd7 27. Rxe6 Rxe6 28. Nxe6 1-0

[Event "Mechanics' Winter TNM; G/2 d5"]
[Site "San Francisco"]
[Date "2018.02.20"]
[Round "7.33"]
[White "Isenberger, Stefan"]
[Black "Cendejas, Juan"]
[Result "0-1"]
[WhiteElo "1272"]
[BlackElo "1716"]
[PlyCount "76"]
[EventDate "2018.??.??"]
[Source "ChessBase"]
[SourceDate "2007.09.04"]

1. e4 e5 2. f4 exf4 3. Nf3 g5 4. h4 g4 5. Ne5 h5 6. Bc4 Nh6 7. d4 d6 8. Nd3 f3
9. gxf3 g3 10. Qe2 Rg8 11. Nf4 Nc6 12. Be3 Ng4 13. fxg4 Bxg4 14. Bxf7+ Kxf7 15.
Qc4+ d5 16. Nxd5 Kg7 17. Nd2 Be7 18. Nxe7 Qxe7 19. d5 Ne5 20. Qc3 Kh7 21. Bg5
Rxg5 22. hxg5 Qxg5 23. Qxg3 Nf3+ 24. Nxf3 Qe3+ 25. Kf1 Rf8 26. Qxg4 Rxf3+ 27.
Qxf3 Qxf3+ 28. Kg1 Kg6 29. Kh2 Qf2+ 30. Kh3 Qf3+ 31. Kh2 h4 32. Rhg1+ Kh5 33.
Raf1 Qe2+ 34. Rg2 $4 (34. Kh3 $11) (34. Kh1 $11) 34... Qxf1 35. e5 Qf4+ 36. Kh3
Qxe5 37. c4 Qe3+ 38. Kh2 Qf4+ 0-1

[Event "Mechanics' Winter TNM; G/2 d5"]
[Site "San Francisco"]
[Date "2018.02.06"]
[Round "5.31"]
[White "Isenberger, Stefan"]
[Black "Chalissery, Jossy"]
[Result "0-1"]
[WhiteElo "1272"]
[BlackElo "1680"]
[PlyCount "72"]
[EventDate "2018.??.??"]
[Source "ChessBase"]
[SourceDate "2007.09.04"]

1. e4 b6 2. d4 Bb7 3. Nc3 e6 4. f4 Bb4 5. Bd3 Nf6 6. Qe2 O-O 7. Nf3 c5 8. O-O
cxd4 9. Nxd4 Nc6 10. Be3 Rc8 11. g4 Nxd4 12. Bxd4 Bc5 13. Bxc5 Rxc5 14. g5 Ne8
15. Rf3 g6 16. h4 Ng7 17. Rh3 Nh5 18. Rf1 Qb8 19. Qf2 f5 20. exf5 exf5 21. Be2
Qe8 22. Re1 Qf7 23. Bxh5 gxh5 24. Kh2 Rc6 25. Qd4 Re6 26. Rg1 Qg7 27. Qc4 Rc8
28. Qb3 Qd4 29. Nd1 Qxf4+ 30. Rhg3 Qxh4+ 31. Rh3 Qf4+ 32. Rhg3 Qd2+ 33. Kh3
Rxc2 34. Kh4 Qf4+ 35. Kh3 Rc4 36. Ne3 Qh4# 0-1

[Event "Mechanics' Winter TNM; G/2 d5"]
[Site "San Francisco"]
[Date "2018.01.23"]
[Round "3.35"]
[White "Isenberger, Stefan"]
[Black "Mays, Jerry L"]
[Result "1-0"]
[WhiteElo "1272"]
[BlackElo "1700"]
[Annotator "Donaldson"]
[PlyCount "49"]
[EventDate "2018.??.??"]
[Source "ChessBase"]
[SourceDate "2007.09.04"]

1. e4 e5 2. f4 exf4 3. Nf3 d6 4. d4 Be7 (4... g5) (4... Nf6 5. Nc3 Nh5 6. Bc4)
5. Bxf4 Nf6 6. Nc3 O-O 7. Be2 (7. Bd3) (7. Bc4 $2 Nxe4) 7... c5 8. d5 Qb6 (8...
Bg4 9. O-O Nbd7 (9... a6 10. a4 Nbd7 11. Nd2) (9... Bxf3 10. Bxf3 Nbd7)) 9. b3
Qb4 10. Bd2 (10. Qd2 Nxe4 11. Nxe4 Qxe4 12. O-O) 10... Nxe4 11. Nxe4 Qxe4 12.
O-O Bf6 (12... Bf5 13. Bd3 Qxd5) 13. Bd3 Qxd5 14. Re1 Bf5 (14... Bxa1 15. Bxh7+
(15. Qxa1) 15... Kxh7 16. Ng5+ Kg8 17. Qh5 Bf5) 15. Bc4 Qc6 16. c3 Nd7 17. Ng5
d5 18. Qf3 Bxg5 19. Bxd5 Qf6 20. Bxg5 Qxg5 21. Bxb7 Rab8 22. Rad1 Qg4 23. Qd5
Nf6 24. Qxc5 Rxb7 $4 {Diagram [#]} (24... Ne4 $19 25. Bxe4 Bxe4) 25. Qxf8+ 1-0

[Event "Mechanics' Spring TNM; G/2 d5"]
[Site "San Francisco"]
[Date "2018.05.01"]
[Round "7.40"]
[White "Isenberger, Stefan"]
[Black "McEnroe, Glenn"]
[Result "1-0"]
[WhiteElo "1272"]
[BlackElo "1500"]
[PlyCount "37"]
[EventDate "2018.??.??"]
[Source "ChessBase"]
[SourceDate "2007.09.04"]

1. e4 e6 2. d4 d5 3. Nc3 Bb4 4. exd5 exd5 5. Bd2 Ne7 6. Nf3 O-O 7. Bd3 Bg4 8.
Bxh7+ Kh8 9. Bd3 Nbc6 10. h3 Bh5 11. g4 Bg6 12. Qe2 Re8 13. O-O-O Bxd3 14. Qxd3
Ng6 15. Ng5 Qf6 16. Nxd5 Bxd2+ 17. Qxd2 Re2 {[#]} 18. Nxf6 Rxd2 19. Nxf7# 1-0

[Event "Mechanics' Winter TNM; G/2 d5"]
[Site "San Francisco"]
[Date "2018.01.09"]
[Round "1.28"]
[White "Isenberger, Stefan"]
[Black "Pane, Gianluca"]
[Result "0-1"]
[WhiteElo "1272"]
[BlackElo "1811"]
[PlyCount "98"]
[EventDate "2018.??.??"]
[Source "ChessBase"]
[SourceDate "2007.09.04"]

1. e4 b6 2. d4 Bb7 3. Nc3 e6 4. Nf3 Bb4 5. Bd3 Nf6 6. Bg5 h6 7. Bxf6 Qxf6 8.
O-O O-O 9. Ne2 Qd8 10. c3 Be7 11. Ng3 d6 12. b4 a5 13. a3 Nd7 14. Qe2 c5 15.
bxc5 bxc5 16. Rab1 Qc7 17. Rfc1 Rfc8 18. h3 Rab8 19. Nh2 a4 20. f4 e5 21. fxe5
dxe5 22. Nf5 Bg5 23. Rf1 cxd4 24. cxd4 exd4 25. Nf3 Bf6 26. Rb4 Nc5 27. Bc2 Ba6
28. Qd1 Bxf1 29. Qxf1 Rxb4 30. axb4 Nb3 31. Bd1 Qb8 32. e5 Bd8 33. Nd6 Rc1 34.
Kh2 Bf6 35. g3 Rxd1 36. Qxd1 Bxe5 37. Nxe5 Qxd6 38. Nd3 Qc6 39. Ne5 Qe4 40. Nd3
Qd5 41. Nf4 Qc4 42. Nd3 a3 43. Qf3 a2 44. Qa8+ Kh7 45. Qxa2 Qxd3 46. Qa4 Nd2
47. b5 Nf3+ 48. Kg2 Qe2+ 49. Kh1 Qh2# 0-1

[Event "Mechanics' Spring TNM; G/2 d5"]
[Site "San Francisco"]
[Date "2018.04.17"]
[Round "5.33"]
[White "Isenberger, Stefan"]
[Black "Sherwood, Peter"]
[Result "0-1"]
[WhiteElo "1272"]
[BlackElo "1651"]
[Annotator "Sherwood"]
[PlyCount "42"]
[EventDate "2018.??.??"]
[Source "ChessBase"]
[SourceDate "2007.09.04"]

1. e4 c5 2. f4 d5 3. e5 e6 4. Nf3 Nc6 5. Bb5 Bd7 6. O-O Nxe5 7. Nc3 Nxf3+ 8.
Qxf3 Nf6 9. d3 Be7 10. Re1 O-O 11. f5 h6 $6 (11... exf5 $1 12. Bxd7 Qxd7 13.
Re5 d4 $19 {e g} 14. Nd5 Nxd5 15. Rxd5 Qc6 16. Qxf5 Bd6 17. Bd2 Rae8 $19) 12.
Bxd7 Nxd7 13. fxe6 fxe6 14. Qg4 Rf6 15. Rxe6 Kf7 16. Re2 Nb6 17. b3 Qc7 $2 18.
Nxd5 Nxd5 19. Qh5+ Kf8 20. Qxd5 Bd6 21. h3 $4 (21. g3 $18 {and if} Bxg3 $2 22.
hxg3 Qxg3+ 23. Qg2) 21... Bh2+ 0-1

[Event "Mechanics' Spring TNM; G/2 d5"]
[Site "San Francisco"]
[Date "2018.05.08"]
[Round "8.32"]
[White "Isenberger, Stefan"]
[Black "Waharte, Louka"]
[Result "1-0"]
[WhiteElo "1272"]
[BlackElo "1496"]
[PlyCount "71"]
[EventDate "2018.??.??"]
[Source "ChessBase"]
[SourceDate "2007.09.04"]

1. e4 e5 2. f4 exf4 3. Nf3 Nf6 4. Nc3 d5 5. e5 Ne4 6. d4 g5 7. h4 Bb4 8. Bd2
Bxc3 9. Bxc3 g4 10. Ng5 Nxg5 11. hxg5 Qxg5 12. Qd3 h5 13. O-O-O c6 14. Bd2 g3
15. Be2 Bf5 16. Qb3 Nd7 17. Qxb7 Rb8 18. Qxc6 Ke7 19. Qd6+ Kd8 20. Ba5+ Ke8 21.
Qxd5 Rh6 22. Bd2 Rc8 23. c3 Bg4 24. Bxg4 Qxg4 25. Rdf1 Rb6 26. Rxf4 Qg6 27. Qe4
Qg7 28. Rxh5 Rcb8 29. b4 Ra6 30. Kb2 Rab6 31. Rh7 Qg8 32. Rhxf7 Qxf7 33. Rxf7
Kxf7 34. Qf5+ Ke7 35. Bg5+ Ke8 36. e6 1-0

[Event "Mechanics' Spring TNM; G/2 d5"]
[Site "San Francisco"]
[Date "2018.03.20"]
[Round "1.26"]
[White "Isenberger, Stefan"]
[Black "Wonsever, James"]
[Result "0-1"]
[WhiteElo "1272"]
[BlackElo "1825"]
[PlyCount "66"]
[EventDate "2018.??.??"]
[Source "ChessBase"]
[SourceDate "2007.09.04"]

1. e4 c5 2. f4 Nc6 3. Nf3 d5 4. exd5 Qxd5 5. d3 Nf6 6. Nc3 Qd8 7. Be3 e6 8. Ng5
b6 9. Nge4 Bb7 10. Nxf6+ gxf6 11. Ne4 f5 12. Ng5 h6 13. Qh5 Qf6 14. O-O-O hxg5
15. fxg5 Qe5 16. Qe2 Bg7 17. c3 O-O-O 18. h4 Ne7 19. d4 cxd4 20. Qc4+ Kb8 21.
Bg1 Ka8 22. Bxd4 Qf4+ 23. Kb1 e5 24. Qxf7 exd4 25. Qxe7 Be4+ 26. Ka1 Be5 27. g6
Rde8 28. Qb4 dxc3 29. bxc3 Rxh4 30. Rxh4 Qxh4 31. Ba6 Qf6 32. Qxe4+ fxe4 33.
Rd8+ Qxd8 0-1

[Event "Mechanics' Summer TNM; G/2 d5"]
[Site "San Francisco"]
[Date "2018.06.26"]
[Round "5.11"]
[White "Ivanov, Aleksandr"]
[Black "Cortinas, Martin A"]
[Result "1-0"]
[WhiteElo "2193"]
[BlackElo "1752"]
[PlyCount "47"]
[EventDate "2018.??.??"]
[Source "ChessBase"]
[SourceDate "2007.09.04"]

1. d4 d5 2. c4 c6 3. Nc3 Nf6 4. Nf3 a6 5. c5 Bf5 6. Bf4 Nbd7 7. h3 e6 8. e3 Be7
9. Bd3 Bxd3 10. Qxd3 b5 11. cxb6 Qxb6 12. O-O c5 13. Na4 Qb4 14. Nxc5 Nxc5 15.
dxc5 Bxc5 16. Rac1 O-O 17. a3 Qb6 18. b4 Bd6 19. Be5 Ne4 20. Qc2 Rac8 $2 21.
Qxc8 Rxc8 22. Rxc8+ Bf8 23. Rfc1 Qb5 24. Rb8 1-0

[Event "Mechanics' Winter TNM; G/2 d5"]
[Site "San Francisco"]
[Date "2018.02.06"]
[Round "5.11"]
[White "Ivanov, Aleksandr"]
[Black "Cortinas, Martin A"]
[Result "1-0"]
[WhiteElo "2166"]
[BlackElo "1670"]
[PlyCount "38"]
[EventDate "2018.??.??"]
[Source "ChessBase"]
[SourceDate "2007.09.04"]

1. d4 f5 2. Nf3 Nf6 3. g3 g6 4. Bg2 Bg7 5. O-O O-O 6. b3 c6 7. Bb2 d6 8. Nbd2
Nbd7 9. c4 Qe8 10. Qc2 e5 11. dxe5 dxe5 12. e4 f4 13. gxf4 exf4 14. e5 Ng4 15.
Rae1 Ndxe5 $2 (15... Nc5) 16. Bxe5 Nxe5 17. Nxe5 Bxe5 18. Nf3 Bf5 19. Qc1 Rd8
1-0

[Event "Mechanics' Spring TNM; G/2 d5"]
[Site "San Francisco"]
[Date "2018.03.20"]
[Round "1.9"]
[White "Ivanov, Aleksandr"]
[Black "Donaldson, Kyle"]
[Result "1-0"]
[WhiteElo "2166"]
[BlackElo "1518"]
[PlyCount "45"]
[EventDate "2018.??.??"]
[Source "ChessBase"]
[SourceDate "2007.09.04"]

1. d4 Nf6 2. c4 e5 3. dxe5 Ng4 4. Bf4 Nc6 5. Nf3 Bb4+ 6. Nbd2 Qe7 7. e3 Ngxe5
8. Nxe5 Nxe5 9. Be2 O-O 10. O-O d6 11. a3 Bc5 12. b4 Bb6 13. Nb3 Be6 14. Bxe5
Bxe3 15. Bxg7 Bxf2+ 16. Rxf2 Kxg7 17. Qd4+ f6 18. Raf1 Qf7 19. Nd2 d5 20. cxd5
Rad8 21. Rxf6 Qxf6 22. Rxf6 Rxf6 23. Ne4 1-0

[Event "Mechanics' Spring TNM; G/2 d5"]
[Site "San Francisco"]
[Date "2018.04.03"]
[Round "3.6"]
[White "Ivanov, Aleksandr"]
[Black "Donnelly, Patrick"]
[Result "1-0"]
[WhiteElo "2166"]
[BlackElo "1634"]
[PlyCount "39"]
[EventDate "2018.??.??"]
[Source "ChessBase"]
[SourceDate "2007.09.04"]

1. d4 Nf6 2. c4 g6 3. Nc3 d5 4. cxd5 Nxd5 5. e4 Nxc3 6. bxc3 Bg7 7. Nf3 O-O 8.
Be2 c5 9. O-O e6 10. Bg5 Qc7 11. Qd2 f6 12. Bf4 e5 13. dxe5 fxe5 14. Bxe5 Bxe5
15. Qd5+ Qf7 16. Qxe5 Nc6 17. Qxc5 Qf6 18. Rfd1 b6 19. Qd5+ Kg7 20. Bb5 1-0

[Event "Mechanics' Shipman TNM; G/2 d/5"]
[Site "San Francisco"]
[Date "2018.08.07"]
[Round "1.5"]
[White "Ivanov, Aleksandr"]
[Black "Hack, Richard"]
[Result "1-0"]
[WhiteElo "2197"]
[BlackElo "1594"]
[PlyCount "89"]
[EventDate "2018.??.??"]
[Source "ChessBase"]
[SourceDate "2007.09.04"]

1. d4 f5 2. Nf3 g6 3. g3 Nf6 4. Bg2 Bg7 5. O-O O-O 6. b3 d6 7. Bb2 Qe8 8. Re1
c6 9. Nbd2 Ne4 10. c4 Na6 11. a3 Bd7 12. Qc2 d5 13. b4 Rc8 14. Rad1 h6 15. Ne5
Nb8 16. f3 Nxd2 17. Qxd2 Be6 18. c5 Nd7 19. Nd3 g5 20. Rf1 Qf7 21. e4 f4 22. e5
Bf5 23. g4 Bg6 24. h4 Ra8 25. h5 Bh7 26. Rfe1 e6 27. Bf1 a6 28. Nc1 Rfb8 29.
Nb3 Bf8 30. Bc3 Be7 31. a4 Bd8 32. Ra1 Qe8 33. Ra3 Bc7 34. Rea1 Qd8 35. R1a2
Bb1 36. Rb2 Bh7 37. Nc1 Ra7 38. Rab3 b5 39. cxb6 Nxb6 40. Ra2 Nc4 41. Qe1 Bb1
$4 42. Rxb1 Ne3 43. Bd3 a5 44. b5 Rbb7 45. Nb3 1-0

[Event "Mechanics' Shipman TNM; G/2 d/5"]
[Site "San Francisco"]
[Date "2018.08.21"]
[Round "3.8"]
[White "Ivanov, Aleksandr"]
[Black "Hakobyan, Sos"]
[Result "1/2-1/2"]
[WhiteElo "2197"]
[BlackElo "1817"]
[PlyCount "78"]
[EventDate "2018.??.??"]
[Source "ChessBase"]
[SourceDate "2007.09.04"]

1. d4 d6 2. Nf3 g6 3. e4 c5 4. c3 b6 5. Bb5+ Bd7 6. Bd3 Bg7 7. O-O Qc7 8. Re1
Nc6 9. d5 Ne5 10. Nxe5 Bxe5 11. f4 Bg7 12. Nd2 h5 13. Nf3 Nh6 14. e5 O-O-O 15.
a4 c4 16. Be4 Bf5 17. e6 Bxe4 18. Rxe4 f5 19. Re2 Ng4 20. Be3 Nxe3 21. Rxe3 Bf6
22. h4 Qc5 23. Qd2 Kc7 24. g3 Rb8 25. Kg2 Rb7 26. Ne1 a5 27. Nc2 Rhb8 28. Na3
b5 29. axb5 Rxb5 30. Nxb5+ Rxb5 31. Ra4 Kd8 32. Re2 Qc7 33. Kh2 Rc5 34. Qd1 Qb7
35. Rd2 Ke8 36. Kh3 Kf8 37. Kh2 Kg7 38. Ra1 Rb5 39. Ra2 Qb6 {
Later drawn. Remaining moves unavailable.} 1/2-1/2

[Event "Mechanics' Spring TNM; G/2 d5"]
[Site "San Francisco"]
[Date "2018.04.17"]
[Round "5.8"]
[White "Ivanov, Aleksandr"]
[Black "Jensen, Christian"]
[Result "1-0"]
[WhiteElo "2166"]
[BlackElo "1873"]
[PlyCount "55"]
[EventDate "2018.??.??"]
[Source "ChessBase"]
[SourceDate "2007.09.04"]

1. e4 c5 2. Nf3 d6 3. d4 cxd4 4. Nxd4 Nf6 5. Nc3 g6 6. Be3 Bg7 7. f3 O-O 8. Qd2
Nc6 9. Bc4 Bd7 10. O-O-O Rc8 11. Bb3 Nxd4 12. Bxd4 b5 13. Nd5 Nxd5 14. Bxg7
Kxg7 15. exd5 a5 16. a3 Kg8 17. Rhe1 b4 18. axb4 axb4 19. Qxb4 Bf5 20. g4 Rb8
21. Qd4 Rxb3 22. cxb3 Qc7+ 23. Kd2 Qc2+ 24. Ke3 Qxb3+ 25. Kf2 Bc2 26. Rd2 e5
27. dxe6 fxe6 28. Re3 1-0

[Event "Mechanics' Bedjanian TNM; G/2 d/5"]
[Site "San Francisco"]
[Date "2018.10.23"]
[Round "1.7"]
[White "Ivanov, Aleksandr"]
[Black "Kim, Andy"]
[Result "1-0"]
[WhiteElo "2167"]
[BlackElo "1532"]
[PlyCount "75"]
[EventDate "2018.??.??"]
[Source "ChessBase"]
[SourceDate "2007.09.04"]

1. d4 d5 2. c4 e6 3. Nc3 Nf6 4. cxd5 exd5 5. Bg5 c6 6. e3 Bf5 7. Qf3 Bg6 8.
Bxf6 gxf6 9. Rd1 Nd7 10. Bd3 Qc7 11. Nge2 O-O-O 12. Ng3 Bb4 13. Nf5 Qa5 14. O-O
Bxc3 15. bxc3 Qxc3 16. Qf4 Bxf5 17. Bxf5 Qa3 18. Rb1 Qa5 19. Qd6 Qc7 20. Qxf6
Rhf8 21. Rfc1 Kb8 22. Qxc6 Qxc6 23. Rxc6 Nb6 24. Rh6 Nc4 25. Rxh7 Nd6 26. Bg4
a6 27. Rc1 Nc4 28. g3 b5 29. Rh5 Kb7 30. h4 Kb6 31. Rf5 Ka5 32. Bf3 Rc8 33.
Bxd5 Kb4 34. Bb7 Nxe3 35. Rxc8 Rxc8 36. Bxc8 Nxf5 37. Bxf5 Ka3 38. d5 1-0